000 01540nam0a2200385 4500
001 RU\NLR\bibl\1204170
005 20260405105733.0
010 _a5-98322-334-8
_92000
021 _aRU
_b2008-6186
_9331
035 _a(nilc)EL/0000178127
035 _aVIL\RUSMED\0000122908
035 _a(NLR Aleph) 001190653
090 _a1715199
_c1715199
100 _a20080211d2007 |||y0rusy50 ca
101 0 _arus
102 _aRU
105 _aa |||||||||
200 1 _aДоброкачественные заболевания молочных желез
_eруководство по диагностике и лечению для акушера-гинеколога
_f[О. С. Филиппов и др.]
_gпод ред. О. С. Филиппова
210 _aМосква
_cМЕДпресс-информ
_d2007
215 _a111 с.
_cил.
_d20
320 _aБиблиогр.: с. 100-106
606 1 _aМолочные железы
_jРуководства, пособия и т.п.
_xБолезни
_9978205
_3RU\NLR\auth\66367950
675 _a618.19(035)
_vudc
686 _a76.29.48
_2rugasnti
686 _a76.01.33
_2rugasnti
686 _aC17.800.090
_2MeSH
686 _aР457.363.1я7
686 _aР569.133.1я7
702 1 _4220
_8rus
_7ca
_aФилиппов
_bО. С.
_cд-р мед. наук
_gОлег Семенович
_3RU\NLR\auth\7741010
_923961
801 0 _aRU
_bЦНМБ
_c20080211
_gPSBO
801 1 _aRU
_bЦНМБ
_c20080211
801 2 _aRU
_bNLR
_c20080321
_grcr
942 _cBOOK
980 _aNB